000 00725nam a2200241Ia 4500
005 20260121112033.0
008 2798 260114s9999 xx 000 0 eng d
020 _a9789811241345
037 _aEBOOK
040 _aCRL
_beng
_cCRL
041 _aeng
_2eng
084 _qCRL
100 _aChivers Tristram Et Al
_9951219
245 0 _aChalcogen-Nitrogen Chemistry: from Fundamentals to Applications in Biological, Physical and Materials Sciences Updated Edition
260 _bWorld Scientific
260 _bWSPC
260 _c2021
650 _aChemistry
_9951220
856 _uhttps://www.worldscientific.com/worldscibooks/10.1142/12397#t=toc
942 _cEBOOK
999 _c1540098
_d1540098